000 00404nam a2200181Ia 4500
001 9772
005 20260306161743.0
008 260306t2008||||xx |||||||||||||| ||spa||
041 _aESP
082 _a418.02
_bE21
100 _aEco, Umberto
_eAUT
245 0 _aDecir casi lo mismo
260 _c2008
300 _a537 páginas :
_ccm.
650 _aGEN
654 _aCHU
942 _cLIB
_dJUS
_fJUS
_2ddc
_n
999 _c9772
_d9772